Constructing concrete porches ; a treatise explanatory of the construction of monolithic concrete and concrete block porches, together with the molding of columns, balusters, lattice and railings as well as plain and reinforced types of porch floors /

Bibliographic Details
Main Author: Houghton, A. A. (Albert Allison), 1879-
Format: Book
Language:English
Published: New York : The Norman W. Henley publishing co., 1912.
Series:Concrete worker's reference books ... no. 9
Subjects:

MARC

Tag First Indicator Second Indicator Subfields
LEADER 00000cam a2200000 4500
001 in00000021459
005 20151007062324.0
008 790625s1912 nyua 00010 eng
010 |a  12009945  
035 |a (OCoLC)05105613 
035 |9 AAD4554AM 
040 |a DLC  |c CLE  |d TXA  |d UtOrBLW 
049 |a TXAM  |c [23214] 
050 0 |a TH1461  |b .H87 
092 |a 693.5  |b H83co 
100 1 |a Houghton, A. A.  |q (Albert Allison),  |d 1879- 
245 1 0 |a Constructing concrete porches ;  |b a treatise explanatory of the construction of monolithic concrete and concrete block porches, together with the molding of columns, balusters, lattice and railings as well as plain and reinforced types of porch floors /  |c by A. A. Houghton. 
264 1 |a New York :  |b The Norman W. Henley publishing co.,  |c 1912. 
300 |a 3 pages ., 9-62 pages :  |b illustrations ;  |c 19 cm. 
336 |a text  |b txt  |2 rdacontent 
337 |a unmediated  |b n  |2 rdamedia 
338 |a volume  |b nc  |2 rdacarrier 
490 0 |a Concrete worker's reference books ... no. 9 
650 0 |a Concrete construction. 
999 |a MARS 
999 f f |s 77910a41-9874-3e89-980c-0671ed3447b4  |i 23c80e9c-2cc7-3f42-9052-1867ec19d22c  |t 0 
952 f f |p ric  |a Texas A&M University  |b Rellis Campus  |c Joint Library Facility  |d Remote Storage  |t 0  |e TH1461 .H87  |h Library of Congress classification  |i unmediated -- volume  |m A14801140151 
998 f f |a TH1461 .H87  |t 0  |l Remote Storage